Optimisation of a Travel Agency’s Product Portfolio Using a Fuzzy Rule-Based System
Používanie systému založeného na fuzzy pravidlách pre oblasť cestovného ruchu, konkrétne pre optimalizácia výroby pre spoločnosti pôsobiace v turistickom priemysle. Mnohé cestovné kancelárie na súčasnom trhu, nielenže potrebujú získať zákazníkov, ale aj si ich udržať. Preto je nevyhnutné zahrnúť do...
Salvato in:
| Autore principale: | |
|---|---|
| Altri autori: | |
| Natura: | Capitolo di libro |
| Lingua: | inglese |
| Soggetti: | |
| Tags: |
Nessun Tag, puoi essere il primo ad aggiungerne!!
|
MARC
| LEADER | 00000naa a2200000 4500 | ||
|---|---|---|---|
| 001 | 0249770 | ||
| 005 | 20190109105314.8 | ||
| 041 | 0 | |a eng | |
| 044 | |a CZ | ||
| 245 | 1 | 0 | |a Optimisation of a Travel Agency’s Product Portfolio Using a Fuzzy Rule-Based System |c Monika Jadrná, Tomáš Macák |
| 520 | |a Používanie systému založeného na fuzzy pravidlách pre oblasť cestovného ruchu, konkrétne pre optimalizácia výroby pre spoločnosti pôsobiace v turistickom priemysle. Mnohé cestovné kancelárie na súčasnom trhu, nielenže potrebujú získať zákazníkov, ale aj si ich udržať. Preto je nevyhnutné zahrnúť do ponuky všetko - od najlacnejších alternatív cestovania k drahým luxusným destináciám a za najlepšie ceny z príslušných cenových pásiem. | ||
| 610 | 2 | 0 | |a ruch cestovný |
| 610 | 2 | 0 | |a ruch cestovný dlhodobý |
| 610 | 2 | 0 | |a kancelárie cestovné |
| 610 | 2 | 0 | |a trh |
| 610 | 2 | 0 | |a zákazníci |
| 610 | 2 | 0 | |a ceny |
| 610 | 2 | 0 | |a ponuka |
| 610 | 2 | 0 | |a analýza štatistická viacrozmerná |
| 610 | 2 | 0 | |a analýza systémová |
| 100 | 1 | |a Jadrná, Monika | |
| 700 | 1 | |a Macák, Tomáš | |